000 00895nam a2200313Ia 4500
001 22993
003 IT-RoPAU
008 130308s9999 xx 000 0 und d
040 _aIT-RoPAU
040 _cIT-RoPAU
041 _aITALIANO
100 _aCamaioni Luigia
100 _gCodice Aut. SPICS: 8970
245 _aCome si costruisce l'interlocutore: un'analisi del linguaggio degli adulti a bambini pre-linguistici
245 _bComunicare nella Vita Quotidiana
250 _a1a ed.
260 _aBOLOGNA
260 _bIl Mulino
260 _c1983 [1° Ed.:1983 - Ed.Ling.Originale:1983]
300 _a"10 p. (prefazione: no ; testo: 10 [pagine: 205-214])"
650 _aSAGGI DI LINGUISTICA
650 _eCodice materia Spics: 3207
700 _aBascetta Cristina
700 _gCodice Aut. SPICS: 6321
942 _cBK
957 _71
999 _c39749
_d39749
999 _bSI
999 _g1